|
|
|
|
| LEADER |
00000nam0a2200000 4500 |
| 001 |
321518 |
| 005 |
20231102003402.0 |
| 010 |
|
|
|a 9785369015636
|
| 010 |
|
|
|a 978-5-16-012137-6
|
| 035 |
|
|
|a (RuTPU)RU\TPU\book\347073
|
| 090 |
|
|
|a 321518
|
| 100 |
|
|
|a 20160826d2017 m y0rusy50 ca
|
| 101 |
0 |
|
|a rus
|
| 102 |
|
|
|a RU
|
| 105 |
|
|
|a a j 001zy
|
| 200 |
1 |
|
|a Автоматизация расчетов сооружений гидротехнического строительства с использованием программно-вычислительного комплекса SCAD
|e учебное пособие
|f В. А. Волосухин [и др.]
|
| 210 |
|
|
|a Москва
|c РИОР
|c Инфра-М
|d 2017
|
| 215 |
|
|
|a 241 с.
|c ил.
|
| 225 |
1 |
|
|a Высшее образование - Бакалавриат
|
| 320 |
|
|
|a Библиогр.: с. 234-235
|
| 330 |
|
|
|a В учебном пособии изложены различные методы расчета на прочность стержневых систем с использованием программно-вычислительного комплекса SCAD Office for Windows (ПВК SCAD), реализующего метод конечных элементов. Даны теоретические основы методов сил и перемещений, примеры расчета различных стержневых систем гидротехнических и промышленных сооружений. Приложен необходимый справочный материал. Примеры, предложенные для расчета, поясняют принципы выбора расчетных схем для различных конструкций, используемых при проектировании зданий и сооружений различного назначения и оценке их технического состояния с целью продления безопасного срока эксплуатации. Предназначено для студентов, обучающихся по направлению подготовки «Строительство», выполняющих курсовые работы или индивидуальные задания по строительной механике.
|
| 606 |
1 |
|
|a Гидротехнические сооружения
|x Расчет на устойчивость
|2 stltpush
|3 (RuTPU)RU\TPU\subj\6845
|9 34631
|
| 610 |
1 |
|
|a гидротехническое строительство
|
| 610 |
1 |
|
|a расчеты
|
| 610 |
1 |
|
|a автоматизация
|
| 610 |
1 |
|
|a программно-вычислительные комплексы
|
| 610 |
1 |
|
|a SCAD
|
| 610 |
1 |
|
|a стержневые системы
|
| 610 |
1 |
|
|a плоские фермы
|
| 610 |
1 |
|
|a рамы
|
| 610 |
1 |
|
|a статистически неопределимые системы
|
| 610 |
1 |
|
|a балки
|
| 610 |
1 |
|
|a метод перемещений
|
| 610 |
1 |
|
|a учебные пособия
|
| 675 |
|
|
|a 627.8.04(075.8)
|v 4
|
| 701 |
|
1 |
|a Волосухин
|b В. А.
|
| 701 |
|
1 |
|a Евтушенко
|b С. И.
|
| 701 |
|
1 |
|a Петров
|b И. А.
|
| 701 |
|
1 |
|a Федорчук
|b В. Е.
|
| 701 |
|
1 |
|a Бандурин
|b М. А.
|
| 701 |
|
1 |
|a Винокуров
|b А. А.
|
| 801 |
|
1 |
|a RU
|b 63413507
|c 20160826
|
| 801 |
|
2 |
|a RU
|b 63413507
|c 20161028
|g RCR
|
| 900 |
|
|
|a Строительная механика
|
| 942 |
|
|
|c BK
|
| 951 |
|
|
|l 8.1
|
| 959 |
|
|
|a 39/20160429
|d 1
|e 599,90
|f ЧЗТЛ:1
|